Medicina de Rehabilitación

Saved in:
Bibliografiske detaljer
Hovedforfatter: Rusk, Howard A (Author)
Format: Bog
Sprog:spansk
Udgivet: Ciudad de México Interamericana 1966
Udgivelse:2a. ed
Fag:
Tags: Tilføj Tag
Ingen Tags, Vær først til at tagge denne postø!

MARC

LEADER 00000nam a2200000 a 4500
001 UCY9647
003 CL-VaPUC
008 950717e19661005MX |||||||||||||||||spa|d
082 0 4 |a 617.03  |b RUS  |2 21 
100 0 |a Rusk, Howard A  |e author  |9 342116 
245 1 0 |a Medicina de Rehabilitación 
250 |a 2a. ed 
300 |a 629 p 
942 |c BK 
945 |d 19950717 00:00:00  |a lriquelm 
260 |a Ciudad de México  |b Interamericana  |c 1966 
650 0 |a Rehabilitación  |9 307382 
650 7 |a MEDICINA FISICA  |2 CL-VaPUC  |9 307380 
650 7 |a TERAPIA FISICA  |2 CL-VaPUC  |9 334239 
650 0 |a Atención médica  |9 337119 
650 0 |a Fisioterapia  |9 307408 
650 7 |a ENFERMOS  |2 CL-VaPUC  |9 257283 
583 |a last modification  |c 19950717 00:00:00  |k Rodrigo Vera 
999 |c 236700  |d 236698 
952 |0 0  |1 0  |4 0  |6 617_030000000000000_RUS_1966  |7 0  |8 P  |9 244962  |a BIBEDU  |b BIBEDU  |c BIBEDU_PB  |d 2019-11-18  |i 1532480  |o 617.03 RUS 1966  |p 1532480  |r 2024-01-25  |w 2019-11-18  |y BK  |k EDU 
952 |0 0  |1 0  |4 0  |6 617_030000000000000_RUS_1966  |7 0  |8 A  |9 244963  |a BIBCUR  |b BIBCUR  |d 2019-11-18  |i 2745771  |o 617.03 RUS 1966  |p 2745771  |r 2025-04-22  |w 2019-11-18  |y BK  |k KIN